ALL Global Cities on a World Map - Statistics

General Stats
  • This quiz has been taken 3,193 times
  • The average score is 162 of 206
Answers on the Map
Answers color-coded by a green-red scale on the quiz's map according to % correct below.
 
Answer Stats
Group Answer % Correct
Alpha++ New York City
96%
Alpha++ London
95%
Alpha Los Angeles
95%
Alpha Madrid
94%
Alpha Mexico City
94%
Alpha Miami
94%
Alpha Moscow
94%
Alpha+ Paris
94%
Alpha+ Tokyo
94%
Alpha- Barcelona
93%
Alpha Chicago
93%
Alpha- Dublin
93%
Alpha- Lisbon
93%
Beta Rio de Janeiro
93%
Alpha- Rome
93%
Alpha- San Francisco
93%
Alpha+ Sydney
93%
Alpha Toronto
93%
Beta+ Vancouver
93%
Alpha- Amsterdam
92%
Beta Berlin
92%
Beta+ Cairo
92%
Alpha- Houston
92%
Alpha Istanbul
92%
Alpha- New Delhi
92%
Beta Oslo
92%
Beta+ Athens
91%
Alpha+ Beijing
91%
Beta+ Boston
91%
Alpha Brussels
91%
Alpha Buenos Aires
91%
Beta+ Dallas
91%
Beta Kiev
91%
Alpha- Santiago
91%
Beta- Seattle
91%
Alpha Seoul
91%
Alpha- Stockholm
91%
Alpha Warsaw
91%
Alpha- Washington, D.C.
91%
Beta Cape Town
90%
Alpha+ Dubai
90%
Beta- Helsinki
90%
Beta+ Lima
90%
Alpha Melbourne
90%
Alpha Milan
90%
Alpha Mumbai
90%
Gamma Saint Petersburg
90%
Alpha São Paulo
90%
Gamma Ankara
89%
Beta+ Atlanta
89%
Alpha Bangkok
89%
Alpha- Bogotá
89%
Beta+ Copenhagen
89%
Alpha Jakarta
89%
Beta- Manchester
89%
Alpha- Manila
89%
Alpha- Munich
89%
Alpha- Prague
89%
Alpha+ Shanghai
89%
Alpha- Vienna
89%
Alpha- Budapest
88%
Gamma+ Detroit
88%
Alpha- Johannesburg
88%
Alpha- Montreal
88%
Beta- Panama City
88%
Beta+ Perth
88%
Gamma San Diego
88%
Alpha+ Singapore
88%
Beta- Tunis
88%
Beta Abu Dhabi
87%
Beta+ Auckland
87%
Beta+ Bucharest
87%
Beta Denver
87%
Beta- Edinburgh
87%
Gamma+ Glasgow
87%
Beta Philadelphia
87%
Gamma Wellington
87%
Gamma Algiers
86%
Beta Caracas
86%
Alpha Frankfurt
86%
Beta+ Hamburg
86%
Alpha+ Hong Kong
86%
Beta Lagos
86%
Gamma- Minsk
86%
Gamma+ Osaka
86%
Gamma Phoenix
86%
Beta Sofia
86%
Beta+ Tel Aviv
86%
Alpha Zürich
86%
Gamma Austin
85%
Beta+ Hanoi
85%
Beta Kuwait City
85%
Beta Montevideo
85%
Beta Nairobi
85%
Gamma- Ottawa
85%
Gamma Porto
85%
Gamma+ Riga
85%
Alpha- Riyadh
85%
Alpha Taipei
85%
Beta Zagreb
85%
Beta Casablanca
84%
Beta+ Ho Chi Minh City
84%
Gamma Islamabad
84%
Alpha Kuala Lumpur
84%
Beta- Lyon
84%
Gamma- Orlando
84%
Beta- Quito
84%
Beta Beirut
83%
Beta- Belgrade
83%
Beta- Birmingham
83%
Beta+ Doha
83%
Gamma La Paz
83%
Gamma Belfast
82%
Alpha Guangzhou
82%
Gamma+ Guatemala City
82%
Gamma+ Rotterdam
82%
Beta- San José, Costa Rica
82%
Gamma Tampa
82%
Beta Brisbane
81%
Beta- Dhaka
81%
Beta+ Düsseldorf
81%
Beta Minneapolis
81%
Gamma Tallinn
81%
Gamma Vilnius
81%
Gamma Baku
80%
Beta Calgary
80%
Beta Karachi
80%
Gamma Kolkata
80%
Gamma Amman
79%
Gamma Asunción
79%
Beta- Geneva
79%
Alpha- Luxembourg
79%
Gamma Santo Domingo
79%
Gamma+ Adelaide
78%
Gamma Guadalajara
78%
Beta- Nicosia
78%
Gamma- Sacramento
78%
Beta- San Salvador
78%
Gamma Tbilisi
78%
Gamma- Tirana
78%
Beta Wuhan
78%
Beta- Bratislava
77%
Gamma+ Cleveland
77%
Gamma+ Colombo
77%
Gamma+ Muscat
77%
Beta- Valencia
77%
Gamma+ Accra
76%
Gamma Luanda
76%
Gamma+ Dar es Salaam
75%
Gamma Ljubljana
75%
Gamma- Nashville
75%
Gamma- San Antonio
75%
Gamma Turin
75%
Gamma Charlotte
73%
Gamma St. Louis
73%
Beta- Antwerp
72%
Gamma+ Lahore
72%
Gamma- Medellín
72%
Gamma+ Xi'an
72%
Beta Chennai
71%
Beta- Jeddah
71%
Gamma- Milwaukee
71%
Beta+ Bangalore
70%
Gamma Bilbao
70%
Gamma+ Hyderabad
70%
Gamma- Phnom Penh
70%
Beta- Monterrey
69%
Beta- Kampala
68%
Beta- San Juan
68%
Gamma+ Harare
67%
Beta Manama
67%
Gamma- Durban
66%
Gamma Tegucigalpa
66%
Beta- Stuttgart
65%
Gamma- Belo Horizonte
64%
Beta Tianjin
64%
Gamma- Yangon
64%
Gamma Bristol
63%
Beta- Almaty
62%
Gamma Lusaka
62%
Beta+ Chengdu
61%
Gamma Ahmedabad
60%
Gamma- Maputo
59%
Beta- Chongqing
57%
Beta Nanjing
57%
Beta- Xiamen
57%
Gamma+ Guayaquil
55%
Gamma- Nantes
55%
Beta- Port Louis
52%
Gamma+ Pune
50%
Beta+ Hangzhou
47%
Gamma- Wroclaw
47%
Beta- Qingdao
43%
Gamma- George Town, Malaysia
41%
Gamma- Poznan
40%
Beta- Dalian
38%
Gamma- Curitiba
37%
Gamma Kunming
37%
Gamma- Fuzhou
36%
Beta- Shenyang
36%
Beta- George Town, Cayman Islands
35%
Beta- Changsha
34%
Gamma+ Zhengzhou
34%
Gamma Hefei
31%
Beta- Jinan
24%
Gamma Taiyuan
17%
No matching quizzes found
Score Distribution
Percent of People with Each Score
Percentile by Number Answered
Your Score History
You have not taken this quiz